000 00389 a2200157 4500
005 20250627164409.0
020 _a0-07-087470-0
082 _a339SAY
100 _aSAYRE, J. E.
245 _aMacroeconomics,
250 _a3rd Ed.
260 _aNew York,
_bMcGraw- Hill,
_c2001.
300 _axvii, 528p,: ill.; figure
_bGlossary & Index
_c25cm
700 _aMORRIS, A. J.
942 _2ddc
_cBKS
999 _c5761
_d5761